Prehistoric Britain /

محفوظ في:

المؤلف الرئيسي: Hawkes, Jacquetta, 1910-1996 (مؤلف)

مؤلفون آخرون: Hawkes, C. F. C., 1905-1992.

التنسيق: كتاب

اللغة: English

منشور في: Harmondsworth, Middlesex : Penguin Books, 1949.

الطبعة: [Rev. and enl. ed.]

الموضوعات:

الوسوم: إضافة وسم

لا توجد وسوم, كن أول من يضع وسما على هذه التسجيلة!

رقم الطلب: DA140 .H3 1949

LEADER 00889nam a2200277I 4500
001 6287
003 OSt
005 20251208120154.0
008 130303s1949 enka b 000 0 eng d
035 |a ocm03663760 
040 |c ARCE Library 
043 |a e-uk--- 
050 4 |a DA140 .H3 1949 
100 1 |a Hawkes, Jacquetta,  |d 1910-1996,  |e author 
245 1 0 |a Prehistoric Britain /  |c [by] Jacquetta & Christopher Hawkes. 
250 |a [Rev. and enl. ed.] 
264 1 |a Harmondsworth, Middlesex :   |b Penguin Books,   |c 1949. 
300 |a 185 pages :   |b illustrations ;   |c 18 cm. 
504 |a Bibliography : pages 175-179. 
650 0 |a Prehistoric peoples  |z Great Britain. 
651 0 |a Great Britain  |x Antiquities. 
651 0 |a Great Britain  |x History  |y To 449. 
700 1 |a Hawkes, C. F. C.,   |q (Charles Francis Christopher),   |d 1905-1992. 
901 |a reviewed 
942 |c BK  |2 lcc 
999 |c 4941  |d 4941